• 首页
  • 本馆介绍
  • 公告通知
  • 最新文献
  • 馆藏检索
  • 电子资源
  • 读者导购
  • 参考咨询
  • 我的图书馆
  • 登录
  • 详细信息显示
  • 放入我的书架
  • 预约/预借图书
  • 作者相关作品
  • 分类相关作品
  • 丛书相关作品
  • 出版社相关作品

书目信息

  • 表格格式
  • 工作单格式
  • 卡片格式
题名:
质的研究指导
    
 
作者: 白芸 著
分册:  
出版信息: 北京   教育科学出版社  2002
页数: 220页
开本: 21cm
丛书名: 中小学教育科研指导丛书
单 册:
中图分类: G630-03
科图分类:
主题词: 教育科学--研究方法--中小学 , 教育科学 , 研究方法
电子资源:
ISBN: 7-5041-2290-4
000 00950oam2 2200277 450
001 1540810010
005 20150127112021.62
010    @a7-5041-2290-4@dCNY13.00
100    @a20021121d2002 em y0chiy0110 ea
101 0  @achi
102    @aCN@b110000
105    @ay z 000yy
200 1  @a质的研究指导@9zhi di yan jiu zhi dao@f白芸著
210    @a北京@c教育科学出版社@d2002
215    @a220页@d21cm
225 2  @a中小学教育科研指导丛书
300    @a教育部人文社会科学重点研究基地华东师范大学基础教育改革与发展研究所研究成果
330    @a本书形象地展示了质的研究,从研究设计、资料收集和分析到研究报告的撰写的具体操作方法和技巧,揭示了教师深入教育情境,是实现“教师即研究者”的最佳途径之一。
461  0 @12001 @a中小学教育科研指导丛书
606 0  @a教育科学@x研究方法@x中小学
606 0  @a教育科学
606 0  @a研究方法
690    @aG630-03@v5
701  0 @a白芸@9bai yun@4著
801  0 @aCN@bTSSF@c20150127
905    @aZUCC@dG630-03@eJY1
    
    质的研究指导/白芸著.-北京:教育科学出版社,2002
    220页;21cm.-(中小学教育科研指导丛书)
    教育部人文社会科学重点研究基地华东师范大学基础教育改革与发展研究所研究成果
    
    ISBN 7-5041-2290-4:CNY13.00
    本书形象地展示了质的研究,从研究设计、资料收集和分析到研究报告的撰写的具体操作方法和技巧,揭示了教师深入教育情境,是实现“教师即研究者”的最佳途径之一。
●
相关链接 在E读中查询图书 在五车中查询图书 在当当中查询图书 在豆瓣中查询图书


正题名:质的研究指导     索取号:G630-03/JY1         预约/预借

序号 登录号 条形码 馆藏地/架位号 状态 备注
1 7858888   278588887   学院路分馆/ [索取号:G630-03/JY1] 在馆    
唐山师范学院图书馆 欢迎您!
大连网信软件有限公司© 版权所有